| 000 | 00715nam a22002057a 4500 | ||
|---|---|---|---|
| 003 | OSt | ||
| 005 | 20131204142148.0 | ||
| 008 | 131030t1981 xxu||||| |||| 00| 0 eng d | ||
| 020 | _a9682409942 | ||
| 040 |
_cCDMR _bcat |
||
| 100 |
_94195 _aMier, Luis Javier |
||
| 245 |
_aPeriodismo interpretativo _b: entrevistas con ocho escritores mexicanos _cLuis Javier Mier |
||
| 260 |
_aMexico _btrilla _c1981 |
||
| 300 | _a190 p. | ||
| 500 | _aEntrevistes a Gustavo Sainz, Juan Tovar, Ignacio Solares, René Avilés Fabila, Luis Carrión, Jorge Arturo Ojeda, Jorge Aguilar Mora | ||
| 650 | 0 | 4 |
_94368 _aEscriptors _vIntervius |
| 650 | 0 | 4 |
_93088 _aPeriodisme i literatura |
| 700 |
_94194 _aCarbonell, Dolores |
||
| 942 |
_2udc _cMON |
||
| 999 |
_c6649 _d6649 |
||